On thin ICE?: domestic violence advocacy and law enforcement-immigration collaborations

Gespeichert in:  
Bibliographische Detailangaben
1. VerfasserIn: Rempe, Diana (Verfasst von)
Medienart: Druck Buch
Sprache:Englisch
Veröffentlicht: 2014
In:Jahr: 2014
Online-Zugang: Inhaltsverzeichnis
Verfügbarkeit prüfen: HBZ Gateway
Subito Bestelldienst: Jetzt bestellen.
Schlagwörter:

MARC

LEADER 00000cam a2200000 c 4500
001 1513517104
003 DE-627
005 20220603140213.0
007 tu
008 150818s2014 xx ||||| m 00| ||eng c
024 8 |a 3615813  |q Order no. 
035 |a (DE-627)1513517104 
035 |a (DE-576)44351710X 
035 |a (DE-599)BSZ44351710X 
040 |a DE-627  |b ger  |c DE-627  |e rakwb 
041 |a eng 
100 1 |a Rempe, Diana  |4 aut 
245 1 0 |a On thin ICE?  |b domestic violence advocacy and law enforcement-immigration collaborations  |c by Diana Rempe 
264 1 |c 2014 
300 |a IX, 195 S. 
336 |a Text  |b txt  |2 rdacontent 
337 |a ohne Hilfsmittel zu benutzen  |b n  |2 rdamedia 
338 |a Band  |b nc  |2 rdacarrier 
502 |a [Portland, Or.], Portland State Univ., Diss., 2014 
655 7 |a Hochschulschrift  |0 (DE-588)4113937-9  |0 (DE-627)105825778  |0 (DE-576)209480580  |2 gnd-content 
751 |a Portland, Or.  |0 (DE-588)4226095-4  |0 (DE-627)104974109  |0 (DE-576)210311363  |4 uvp 
856 4 2 |u https://swbplus.bsz-bw.de/bsz44351710Xinh.htm  |m B:DE-576;DE-Frei85  |q application/pdf  |v 20150824145953  |x Verlag  |3 Inhaltsverzeichnis  |7 1 
935 |a mkri 
951 |a BO 
ELC |b 1 
LOK |0 000 xxxxxcx a22 zn 4500 
LOK |0 001 2860404511 
LOK |0 003 DE-627 
LOK |0 004 1513517104 
LOK |0 005 20150818101806 
LOK |0 008 150818||||||||||||||||ger||||||| 
LOK |0 040   |a DE-Frei85  |c DE-627  |d DE-Frei85 
LOK |0 852   |z Kopie, erschienen im Verlag Univ. Microfilms Internat., Ann Arbor, 2014 
LOK |0 852   |a DE-Frei85 
LOK |0 852 1  |m p  |9 00 
LOK |0 938   |k p 
LOK |0 939   |a 18-08-15  |b l01 
ORI |a SA-MARC-krimdoka001.raw